Ordinary Grace (Registo nº 201014)

Detalhes MARC
000 -Etiqueta do registo
Valores 00518nam 22001813 4500
010 ## - Número ISBN
ISBN 978-1-4516-4582-8
100 ## - Dados gerais de processamento
Dados gerais 20260305d u||y0pory50 ba
200 ## - Titulo e menção de responsabilidade
Título próprio Ordinary Grace
Informação de outro título a novel
Primeira menção de responsabilidade William kent Krueger
210 ## - Publicação
Local de publicação New York
Nome do editor Atria Paperback
Data de publicação 2014
215 ## - Descrição física 
Paginação / Volumes 307 p.
Outras indicações físicas brochado
Dimensões 22 cm
606 ## - Nome comum usado como assunto
ID Autoridade 16
Palavra de ordem Literatura Americana
675 ## - CDU
Notação 821.111(73)-3
Edição US
Língua eng
700 ## - Autor principal (pessoa individual)
ID Autoridade 16683
Apelido Krueger
Nome William Kent
801 ## - Fonte de origem
País PT
Agência BMMN
Regras de catalogação RPC
830 ## - Notas gerais do catalogador
Criado por Fernando
Indexado por Fernando
990 ## - Elementos KOHA
Tipo de documento Livro
Exemplares
Situação do levantamento Biblioteca de origem Código de barras Cota Permissão de empréstimo Tipo de documento Forma de aquisição
  Biblioteca Municipal de Montemor-o-Novo 30287 821.111(73)-3 KRU|LG (L.E.)   Livro Oferta

Powered by Koha